[Event "13th Reykjavik op"]
[Site "Reykjavik ISL"]
[Date "1988.03.01"]
[Round "7.12"]
[White "Schoen, Wolfram"]
[Black "Einarsson, Halldor"]
[Result "1/2-1/2"]
[WhiteElo "2450"]
[BlackElo "2215"]
[EventDate "1988.02.23"]
[PlyCount "194"]

1.d4 d5 2.c4 e6 3.Nc3 Be7 4.Nf3 Nf6 5.cxd5 exd5 6.Bg5 O-O 7.e3 Nbd7 8.Bd3 
c6 9.Qc2 Re8 10.O-O g6 11.Rae1 Nh5 12.Bxe7 Rxe7 13.b4 Nf8 14.Na4 Ng7 15.
Rb1 Bf5 16.Nc5 Nfe6 17.a4 Rc8 18.Rfc1 Qd6 19.Rb3 h6 20.Ne5 b6 21.Bxf5 Nxf5
22.Nxe6 Rxe6 23.Rc3 Ne7 24.Nd3 Qd8 25.b5 Qd6 26.g3 Kg7 27.Qb3 h5 28.bxc6 
Rc7 29.Qb5 g5 30.Nb4 h4 31.g4 h3 32.f3 a5 33.Na6 Rxc6 34.Rxc6 Nxc6 35.Rc3 
Nxd4 36.Qf1 Qe5 37.Rd3 Nc2 38.f4 gxf4 39.exf4 Qe1 40.Nc7 Qxf1+ 41.Kxf1 Re4
42.Nxd5 Rxa4 43.Nxb6 Rxf4+ 44.Ke2 a4 45.Rd2 Nd4+ 46.Ke3 Ne6 47.Ra2 Rxg4 
48.Nxa4 Rc4 49.Kf2 f5 50.Nb6 Rf4+ 51.Ke3 Re4+ 52.Kf2 Rf4+ 53.Ke3 Re4+ 54.
Kf2 Rg4 55.Kf1 Rd4 56.Ra7+ Kg6 57.Rd7 Rf4+ 58.Ke2 Rg4 59.Rd2 Ng5 60.Nd5 f4
61.Kf1 f3 62.Ne3 Ra4 63.Rd6+ Kh5 64.Rd5 Ra2 65.Nd1 Rxh2 66.Nf2 Kg6 67.Rd6+
Kf7 68.Rh6 Kg7 69.Rh4 Kg6 70.Rf4 Kh5 71.Rf8 Kh4 72.Rf4+ Kh5 73.Rf8 Kg6 74.
Rf4 Kg7 75.Rh4 Kf7 76.Rh6 Rg2 77.Rxh3 Nxh3 78.Nxh3 Kf6 79.Ng1 Kf5 80.Nxf3 
Ra2 81.Nd4+ Ke4 82.Ne2 Ke3 83.Ng1 Rh2 84.Ke1 Rf2 85.Nh3 Ra2 86.Kf1 Rb2 87.
Ng1 Rb8 88.Kg2 Rf8 89.Nh3 Rf6 90.Ng1 Rf2+ 91.Kg3 Rf7 92.Kg2 Rf2+ 93.Kg3 
Ra2 94.Nh3 Ra8 95.Ng5 Rf8 96.Kg4 Kf2 97.Nh3+ Ke2 1/2-1/2

[Event "13th Reykjavik op"]
[Site "Reykjavik ISL"]
[Date "1988.03.01"]
[Round "7.15"]
[White "Polgar, Zsofia"]
[Black "Olafsson, David"]
[Result "0-1"]
[WhiteElo "2320"]
[BlackElo "2285"]
[EventDate "1988.02.23"]
[PlyCount "50"]

1.e4 d5 2.exd5 Nf6 3.c4 e6 4.dxe6 Bxe6 5.d4 Bb4+ 6.Bd2 Bxd2+ 7.Qxd2 Qe7 8.
Qe2 Nc6 9.Nf3 O-O-O 10.Nc3 Nxd4 11.Nxd4 Rxd4 12.Qe3 Qd7 13.Rd1 Rxd1+ 14.
Nxd1 Re8 15.Qd2 Bxc4+ 16.Ne3 Qxd2+ 17.Kxd2 Bxa2 18.Bd3 Be6 19.Ra1 a6 20.
Ra4 Rd8 21.Ke2 g6 22.g4 h5 23.g5 Nd5 24.Nxd5 Rxd5 25.f4 Bd7 0-1

[Event "13th Reykjavik op"]
[Site "Reykjavik ISL"]
[Date "1988.03.01"]
[Round "7.21"]
[White "Arnason, Arni Arman"]
[Black "Jonasson, Benedikt"]
[Result "1/2-1/2"]
[WhiteElo "2215"]
[BlackElo "2345"]
[EventDate "1988.02.23"]
[PlyCount "130"]

1.e4 e6 2.d4 d5 3.Nc3 Bb4 4.e5 Qd7 5.Bd2 b6 6.Bb5 c6 7.Ba4 a5 8.a3 Bxc3 9.
Bxc3 Ba6 10.Bd2 f5 11.exf6 Nxf6 12.Nf3 O-O 13.Ne5 Qc7 14.c3 Nbd7 15.Nxd7 
Qxd7 16.Be3 Rae8 17.f4 Ne4 18.Bc2 Qe7 19.Qf3 Nd6 20.Qh5 g6 21.Qf3 Nc4 22.
Bd3 Nxe3 23.Qxe3 Bxd3 24.Qxd3 Rxf4 25.O-O-O b5 26.Rhf1 Rf5 27.b4 axb4 28.
cxb4 Ref8 29.Kc2 Qh4 30.Rxf5 Rxf5 31.h3 Rf2+ 32.Rd2 Qf4 33.Rxf2 Qxf2+ 34.
Kb3 Qe1 35.Qc2 Qe3+ 36.Ka2 Qxd4 37.Qxc6 Qf2+ 38.Ka1 Qg1+ 39.Kb2 Qxg2+ 40.
Ka1 Qf1+ 41.Kb2 Qe2+ 42.Kb1 Qe1+ 43.Ka2 Qe2+ 44.Kb1 Qe4+ 45.Kb2 Qg2+ 46.
Kb1 Qxh3 47.Qxb5 Qb3+ 48.Kc1 Qxa3+ 49.Kb1 Qb3+ 50.Ka1 Qc3+ 51.Ka2 Kf8 52.
Qb8+ Ke7 53.b5 Qa5+ 54.Kb1 Qe1+ 55.Kb2 Qb4+ 56.Kc1 Qd6 57.Qa7+ Kd8 58.Kd1 
Qe5 59.Qa6 Kd7 60.Qa7+ Kd8 61.b6 Qd4+ 62.Ke1 Qe3+ 63.Kd1 Qg1+ 64.Kd2 Qd4+ 
65.Ke1 Qe3+ 1/2-1/2

[Event "13th Reykjavik op"]
[Site "Reykjavik ISL"]
[Date "1988.03.01"]
[Round "7.22"]
[White "Solmundarson, Magnus"]
[Black "Arnason, Throestur"]
[Result "0-1"]
[WhiteElo "2270"]
[BlackElo "2235"]
[EventDate "1988.02.23"]
[PlyCount "84"]

1.d4 e6 2.Nf3 Nf6 3.Bg5 h6 4.Bh4 b6 5.e3 Bb7 6.c4 Bb4+ 7.Nbd2 g5 8.Bg3 Ne4
9.a3 Bxd2+ 10.Nxd2 Nxg3 11.hxg3 d6 12.Nf3 Nd7 13.Bd3 Qe7 14.Qa4 a5 15.
O-O-O O-O-O 16.Rd2 Nf6 17.b4 Qd7 18.b5 Qe7 19.Kb2 e5 20.Bf5+ Kb8 21.Rc1 
Be4 22.Bxe4 Nxe4 23.Rdc2 g4 24.Ne1 exd4 25.exd4 Qf6 26.Ka2 Qxd4 27.Qb3 
Nxf2 28.Re2 Rhe8 29.Rcc2 Nd1 30.Red2 Nc3+ 31.Qxc3 Qxc3 32.Rxc3 Rxe1 33.c5 
bxc5 34.Rxc5 dxc5 35.Rxd8+ Kb7 36.Kb3 Re3+ 37.Ka4 Rxg3 38.Rf8 Rxg2 39.Rxf7
Rg3 40.b6 Kxb6 41.Rf6+ c6 42.Rxc6+ Kxc6 0-1

[Event "13th Reykjavik op"]
[Site "Reykjavik ISL"]
[Date "1988.03.03"]
[Round "8.1"]
[White "Arnason, Jon"]
[Black "Hoi, Carsten"]
[Result "1-0"]
[WhiteElo "2510"]
[BlackElo "2405"]
[EventDate "1988.02.23"]
[PlyCount "80"]

1.e4 g6 2.d4 Bg7 3.Nc3 d6 4.f4 Nf6 5.Nf3 O-O 6.Bd3 Na6 7.O-O c5 8.d5 Bg4 
9.Bc4 Nc7 10.h3 Bxf3 11.Qxf3 Nd7 12.a4 a6 13.Bd2 Rb8 14.Qe2 Kh8 15.a5 Re8 
16.Qd3 Qc8 17.b3 Ra8 18.Rae1 b5 19.axb6 Nxb6 20.e5 Qd7 21.Ne4 Nb5 22.Ng5 
e6 23.Bxb5 axb5 24.dxe6 fxe6 25.Qxd6 Ra2 26.Qxd7 Nxd7 27.Rc1 Nb6 28.Nf7+ 
Kg8 29.Nd6 Rb8 30.Nxb5 c4 31.Nc3 Rb2 32.Be3 Nd7 33.bxc4 Bf8 34.Ne4 Rc8 35.
Bd4 Ra2 36.Ng5 Ra6 37.Ra1 Rac6 38.Ra7 Nb6 39.Nxh7 Bg7 40.Nf6+ Bxf6 1-0

[Event "13th Reykjavik op"]
[Site "Reykjavik ISL"]
[Date "1988.03.03"]
[Round "8.3"]
[White "Kotronias, Vasilios"]
[Black "Thorhallsson, Throestur"]
[Result "1-0"]
[WhiteElo "2475"]
[BlackElo "2415"]
[EventDate "1988.02.23"]
[PlyCount "121"]

1.e4 d5 2.exd5 Nf6 3.d4 Nxd5 4.Be2 g6 5.Nf3 Bg7 6.O-O O-O 7.Re1 c5 8.c4 
Nb6 9.d5 e5 10.Nc3 f5 11.Bg5 Bf6 12.Bxf6 Qxf6 13.Qc1 Na6 14.Qh6 Bd7 15.Ng5
Qg7 16.Qxg7+ Kxg7 17.a3 Nc8 18.Red1 Re8 19.Nb5 h6 20.Ne6+ Bxe6 21.dxe6 Nb6
22.Rd6 Re7 23.Rad1 Kf6 24.Nxa7 Rxa7 25.Rxb6 Rxe6 26.Rxe6+ Kxe6 27.Rd8 b6 
28.Rh8 Rd7 29.Rxh6 Kf6 30.Rh3 Rd2 31.Rb3 Rxe2 32.Rxb6+ Kf7 33.Kf1 Rc2 34.
Rxa6 Rxb2 35.Rd6 Rc2 36.Rd5 Rc1+ 37.Ke2 Rc2+ 38.Ke1 Rxc4 39.Rxe5 Rc2 40.a4
Kf6 41.Re2 Rc1+ 42.Kd2 Rg1 43.g3 f4 44.gxf4 Ra1 45.Re3 Ra2+ 46.Ke1 Kf5 47.
Kf1 Kxf4 48.Rg3 Kf5 49.Kg2 Rc2 50.h4 Ra2 51.Rg5+ Kf6 52.Rg4 Rc2 53.Kg3 
Rc3+ 54.f3 Rb3 55.Rf4+ Kg7 56.Kf2 Rb8 57.Ke3 Rd8 58.Rc4 Re8+ 59.Kf4 Rf8+ 
60.Ke4 Rf5 61.a5 1-0

[Event "13th Reykjavik op"]
[Site "Reykjavik ISL"]
[Date "1988.03.03"]
[Round "8.6"]
[White "Petursson, Margeir"]
[Black "Olafsson, Helgi"]
[Result "1-0"]
[WhiteElo "2540"]
[BlackElo "2510"]
[EventDate "1988.02.23"]
[PlyCount "61"]

1.d4 Nf6 2.c4 g6 3.Nc3 d5 4.Bf4 Bg7 5.e3 c5 6.dxc5 Qa5 7.Rc1 Ne4 8.cxd5 
Nxc3 9.Qd2 Qxa2 10.bxc3 Qxd2+ 11.Kxd2 Nd7 12.Bb5 O-O 13.Bxd7 Bxd7 14.e4 f5
15.e5 Rac8 16.c4 Rxc5 17.Be3 Rc7 18.f4 Rfc8 19.Ne2 Rxc4 20.Rxc4 Rxc4 21.
Bxa7 Ra4 22.Bc5 Ra5 23.Rc1 b6 24.Bxe7 Rxd5+ 25.Ke1 Kf7 26.Bd6 g5 27.g3 Bh6
28.Rc7 Ke6 29.Rb7 b5 30.Bb4 Kf7 31.e6+ 1-0

[Event "13th Reykjavik op"]
[Site "Reykjavik ISL"]
[Date "1988.03.03"]
[Round "8.7"]
[White "Barle, Janez"]
[Black "Adorjan, Andras"]
[Result "0-1"]
[WhiteElo "2425"]
[BlackElo "2540"]
[EventDate "1988.02.23"]
[PlyCount "84"]

1.e4 c6 2.d4 d5 3.exd5 cxd5 4.c4 Nf6 5.Nc3 g6 6.cxd5 Nxd5 7.Qb3 Nb6 8.d5 
Bg7 9.Be3 O-O 10.Rd1 Na6 11.Nf3 Qd6 12.a3 Nc5 13.Qb5 Nca4 14.Ne4 Qd7 15.
Qb3 Nxb2 16.Bb5 Qg4 17.Ng3 Nxd1 18.h3 Nxe3 19.hxg4 Nxg2+ 20.Kf1 Nf4 21.Ng5
h6 22.d6 exd6 23.N5e4 Bxg4 24.Rh4 Be6 25.Qf3 Nfd5 26.Nxd6 Nc3 27.Nge4 Rad8
28.Nf6+ Bxf6 29.Qxf6 Rxd6 30.Qxc3 Rc8 31.Qb2 h5 32.Be2 Rc5 33.a4 Bd7 34.
Rd4 Nxa4 35.Qd2 Rxd4 36.Qxd4 Bc6 37.Qd8+ Kh7 38.f3 Rf5 39.Kf2 Nc3 40.Bd3 
Rxf3+ 41.Ke1 a5 42.Kd2 Ne4+ 0-1

[Event "13th Reykjavik op"]
[Site "Reykjavik ISL"]
[Date "1988.03.03"]
[Round "8.8"]
[White "Gausel, Einar"]
[Black "Dizdar, Goran"]
[Result "1/2-1/2"]
[WhiteElo "2360"]
[BlackElo "2490"]
[EventDate "1988.02.23"]
[PlyCount "110"]

1.d4 e6 2.Nf3 f5 3.g3 Nf6 4.Bg2 d5 5.O-O Bd6 6.c4 c6 7.Qc2 O-O 8.Bf4 Bxf4 
9.gxf4 Bd7 10.Nbd2 Be8 11.e3 Nbd7 12.cxd5 cxd5 13.Qb3 Qb6 14.Rfc1 Bh5 15.
Qxb6 Nxb6 16.Ne5 Rfc8 17.Nb3 Na4 18.Na5 Rxc1+ 19.Rxc1 b6 20.b3 bxa5 21.
bxa4 Be8 22.Rc5 Rb8 23.f3 Rb1+ 24.Bf1 Ra1 25.Rxa5 Rxa2 26.Rxa7 Rxa4 27.Re7
Ra1 28.Kf2 Ra2+ 29.Kg1 Ra1 30.Kg2 Ra2+ 31.Kh3 Ra3 32.Bd3 Bd7 33.Nxd7 Nxd7 
34.Bxf5 exf5 35.Rxd7 Rxe3 36.Kg3 Re2 37.Rxd5 Rd2 38.Rd7 Kf8 39.h3 h6 40.d5
Kg8 41.h4 g6 42.h5 gxh5 43.d6 Kh8 44.Rf7 Rxd6 45.Rxf5 Kg7 46.Rxh5 Kg6 47.
Kg4 Ra6 48.f5+ Kg7 49.Rh1 Ra4+ 50.f4 Ra6 51.Rc1 Kf6 52.Rc5 Rb6 53.Rc7 h5+ 
54.Kxh5 Kxf5 55.Rf7+ Rf6 1/2-1/2

[Event "13th Reykjavik op"]
[Site "Reykjavik ISL"]
[Date "1988.03.03"]
[Round "8.10"]
[White "Olafsson, David"]
[Black "Stefansson, Hannes Hlifar"]
[Result "0-1"]
[WhiteElo "2285"]
[BlackElo "2395"]
[EventDate "1988.02.23"]
[PlyCount "72"]

1.e4 c5 2.Nf3 e6 3.d4 cxd4 4.Nxd4 a6 5.Be2 Nf6 6.Nc3 Qc7 7.O-O Be7 8.Be3 
d6 9.a4 O-O 10.f4 b6 11.Bf3 Bb7 12.f5 e5 13.Nb3 Nbd7 14.g4 d5 15.exd5 e4 
16.Be2 Bb4 17.Qe1 Rfc8 18.Bd4 e3 19.Qh4 Nxd5 20.g5 Bxc3 21.bxc3 Nxc3 22.
Bh5 Qc6 23.Rf3 Ne2+ 24.Kf1 Qc4 25.Bxf7+ Qxf7 26.Qxh7+ Kxh7 27.g6+ Qxg6 28.
fxg6+ Kg8 29.Kxe2 Bxf3+ 30.Kxf3 Rxc2 31.Kxe3 Rxh2 32.Ke4 Rh3 33.Rb1 Rc8 
34.Kd5 Rg3 35.Kd6 Nf8 36.Rg1 Rxb3 0-1

[Event "13th Reykjavik op"]
[Site "Reykjavik ISL"]
[Date "1988.03.03"]
[Round "8.11"]
[White "Polgar, Judit"]
[Black "Gislason, Gudmundur"]
[Result "1-0"]
[WhiteElo "2320"]
[BlackElo "2295"]
[EventDate "1988.02.23"]
[PlyCount "209"]

1.e4 c5 2.Nf3 d6 3.d4 cxd4 4.Nxd4 Nf6 5.Nc3 g6 6.Be3 Bg7 7.f3 Nc6 8.Qd2 
O-O 9.Bc4 Bd7 10.O-O-O Ne5 11.Bb3 Rc8 12.h4 h5 13.g4 Rxc3 14.bxc3 Qa5 15.
Rdg1 Qa3+ 16.Kd1 Qa5 17.gxh5 Nxf3 18.Nxf3 Qxh5 19.Qg2 Ng4 20.Bd2 Ne5 21.
Kc1 Nxf3 22.Qxg6 Qxg6 23.Rxg6 Kh7 24.Rg3 Nxd2 25.Kxd2 Bh6+ 26.Ke2 Bb5+ 27.
Kd1 e6 28.Re1 a5 29.c4 Bc6 30.c3 Bf4 31.Rg4 Be5 32.Kd2 f5 33.exf5 exf5 34.
Bc2 Kh6 35.Rgg1 Bf4+ 36.Ke2 Be5 37.Kf2 Bxc3 38.Re6+ Rf6 39.Rxf6+ Bxf6 40.
Ke3 Bxh4 41.Bxf5 Bg5+ 42.Kd4 b5 43.cxb5 Bxb5 44.Rb1 Be8 45.Rb6 Bf4 46.Ra6 
Kg5 47.Bc2 Be5+ 48.Ke3 Bf4+ 49.Kf3 Bh5+ 50.Kf2 Bd2 51.Rxd6 Bb4 52.Rd5+ Kh6
53.Bb3 Be8 54.Rd8 Bc6 55.Rc8 Bd7 56.Ra8 Kg7 57.Ke3 Kf6 58.Kd4 Ke7 59.Kd5 
a4 60.Bc4 a3 61.Ra7 Kd8 62.Rb7 Be7 63.Bd3 Kc8 64.Ra7 Kd8 65.Bg6 Bg4 66.Ke5
Be2 67.Bf5 Bb5 68.Kd5 Ke8 69.Ke5 Kd8 70.Ra8+ Kc7 71.Ra7+ Kd8 72.Be4 Bd7 
73.Kd5 Bb4 74.Bg6 Be7 75.Bf7 Bh3 76.Kc6 Bb4 77.Rb7 Bg2+ 78.Bd5 Bxd5+ 79.
Kxd5 Bd2 80.Rb8+ Kc7 81.Rb3 Bf4 82.Rxa3 Kb7 83.Kc5 Bb8 84.Kb5 Ba7 85.Rf3 
Bb8 86.Rf7+ Ka8 87.Ka6 Be5 88.Ra7+ Kb8 89.Re7 Bd4 90.Re8+ Kc7 91.Re4 Bf2 
92.Rb4 Kc8 93.Rb7 Be3 94.Rb5 Kc7 95.Ka5 Bd2+ 96.Ka4 Kc6 97.Rb8 Kc7 98.Rb3 
Kc6 99.Rb2 Be3 100.Ka5 Kc7 101.Ka6 Kc8 102.a4 Kc7 103.Rb7+ Kc8 104.Rb5 Bf2
105.Ka5 1-0

[Event "13th Reykjavik op"]
[Site "Reykjavik ISL"]
[Date "1988.03.03"]
[Round "8.12"]
[White "Einarsson, Halldor"]
[Black "Akesson, Ralf"]
[Result "1/2-1/2"]
[WhiteElo "2215"]
[BlackElo "2445"]
[EventDate "1988.02.23"]
[PlyCount "67"]

1.e4 c5 2.Nf3 e6 3.d4 cxd4 4.Nxd4 Nf6 5.Nc3 d6 6.f4 a6 7.Be3 b5 8.Qf3 Bb7 
9.Bd3 Nbd7 10.g4 b4 11.Nce2 Nc5 12.Ng3 Nfd7 13.O-O g6 14.f5 Ne5 15.Qe2 d5 
16.fxe6 fxe6 17.a3 b3 18.Nxb3 Nexd3 19.Nd4 Nxb2 20.Rab1 Nc4 21.Nxe6 Nxe6 
22.Rxb7 Nxe3 23.Qf3 Qd6 24.Qf7+ Kd8 25.Rf6 dxe4 26.Rxe6 Qd1+ 27.Kf2 Nxg4+ 
28.Kg2 Qf3+ 29.Qxf3 exf3+ 30.Kxf3 Nh6 31.Ne4 Bxa3 32.Nf6 Kc8 33.Rd7 Nf5 
34.Rc6+ 1/2-1/2

[Event "13th Reykjavik op"]
[Site "Reykjavik ISL"]
[Date "1988.03.03"]
[Round "8.13"]
[White "Hardarson, Robert"]
[Black "Schoen, Wolfram"]
[Result "0-1"]
[WhiteElo "2295"]
[BlackElo "2450"]
[EventDate "1988.02.23"]
[PlyCount "80"]

1.e4 c5 2.Nf3 d6 3.d4 cxd4 4.Nxd4 Nf6 5.Nc3 Nc6 6.Bg5 e6 7.Qd2 a6 8.f3 Bd7
9.O-O-O Rc8 10.Kb1 Be7 11.h4 Na5 12.g4 b5 13.Qg2 Qc7 14.Bd3 b4 15.Nce2 Nc4
16.Bc1 a5 17.Ng3 Kd8 18.g5 Ne8 19.f4 a4 20.f5 e5 21.f6 gxf6 22.Ndf5 Be6 
23.Nxe7 Qxe7 24.Nf5 Qb7 25.Bxc4 Rxc4 26.Nxd6 Nxd6 27.Rxd6+ Kc7 28.Rhd1 b3 
29.cxb3 Qxe4+ 30.Qxe4 Rxe4 31.bxa4 f5 32.b3 f4 33.Ba3 Kb7 34.a5 Rc8 35.
R6d2 f3 36.Rf1 Re3 37.Bd6 Rd8 38.Bb4 Rxd2 39.Bxd2 Re2 40.Kc1 e4 0-1

[Event "13th Reykjavik op"]
[Site "Reykjavik ISL"]
[Date "1988.03.03"]
[Round "8.14"]
[White "Agustsson, Johannes"]
[Black "Tisdall, Jonathan"]
[Result "0-1"]
[WhiteElo "2285"]
[BlackElo "2425"]
[EventDate "1988.02.23"]
[PlyCount "92"]

1.e4 c5 2.Nf3 e6 3.d4 cxd4 4.Nxd4 Nf6 5.Nc3 d6 6.Bd3 a6 7.O-O Qc7 8.Be3 b5
9.a3 Bb7 10.f4 Nbd7 11.Nb3 Nc5 12.Nxc5 dxc5 13.e5 Nd5 14.Nxd5 Bxd5 15.c4 
bxc4 16.Bc2 O-O-O 17.Qe2 g5 18.fxg5 h6 19.g6 Qxe5 20.Rxf7 Bd6 21.g3 h5 22.
Qf2 h4 23.g4 Qxb2 24.Rb1 Qc3 25.Bf4 Qd4 26.Qxd4 cxd4 27.g7 Bxf4 28.Rxf4 
Rhg8 29.Rxd4 Rxg7 30.h3 Kc7 31.Rc1 Kd6 32.Rcd1 Kc5 33.Rf4 Rb8 34.Rb1 Rxb1+
35.Bxb1 Rb7 36.Bc2 Rb2 37.Rf2 Ra2 38.a4 Ra1+ 39.Rf1 Ra2 40.Rf2 e5 41.g5 
Ra3 42.Kh2 Rg3 43.g6 c3 44.Bf5 Rg5 45.Bc2 Kd4 46.Re2 Bf3 0-1

[Event "13th Reykjavik op"]
[Site "Reykjavik ISL"]
[Date "1988.03.03"]
[Round "8.15"]
[White "Hansson, Dan"]
[Black "Bjarnason, Saevar"]
[Result "0-1"]
[WhiteElo "2280"]
[BlackElo "2335"]
[EventDate "1988.02.23"]
[PlyCount "66"]

1.e4 e6 2.d4 d5 3.Nc3 Bb4 4.a3 Bxc3+ 5.bxc3 dxe4 6.Qg4 Nf6 7.Qxg7 Rg8 8.
Qh6 Rg6 9.Qd2 b6 10.Ne2 Bb7 11.Nf4 Rg8 12.Bb5+ c6 13.Ba4 Nbd7 14.c4 Qc7 
15.Qc3 O-O-O 16.c5 bxc5 17.dxc5 Qe5 18.Qxe5 Nxe5 19.Bb3 Ba6 20.Nxe6 fxe6 
21.Bxe6+ Nfd7 22.Bf4 Rg6 23.Bh3 Ng4 24.f3 exf3 25.gxf3 Re8+ 26.Kd2 Nf2 27.
Bf1 Bxf1 28.Rhxf1 Rg2 29.Kc3 Rf8 30.Bd6 Rxf3+ 31.Kb4 Rg4+ 32.Ka5 Nxc5 33.
Bxc5 Rf5 0-1

[Event "13th Reykjavik op"]
[Site "Reykjavik ISL"]
[Date "1988.03.03"]
[Round "8.18"]
[White "Arnason, Throestur"]
[Black "Polgar, Zsofia"]
[Result "0-1"]
[WhiteElo "2235"]
[BlackElo "2320"]
[EventDate "1988.02.23"]
[PlyCount "98"]

1.d4 Nf6 2.c4 c5 3.d5 b5 4.cxb5 a6 5.e3 Bb7 6.Nc3 Qa5 7.Bd2 axb5 8.Bxb5 
Qb6 9.Nge2 Nxd5 10.O-O e6 11.a4 Nb4 12.e4 Be7 13.Ng3 O-O 14.Qg4 Kh8 15.
Nce2 Bc6 16.Nh5 Rg8 17.Bc3 Bf8 18.Bxb4 Bxb5 19.axb5 Rxa1 20.Rxa1 cxb4 21.
Qf4 Qxb5 22.Neg3 f6 23.Ra8 Nc6 24.Qc7 Qd3 25.Nf4 Qb1+ 26.Nf1 Qxe4 27.Qxd7 
Nd4 28.Qe8 g5 29.Nh5 Ne2+ 30.Kh1 Qb1 31.Ng3 Nxg3+ 32.hxg3 Qxf1+ 33.Kh2 Qd3
34.Qf7 Qg6 35.Qxe6 Bc5 36.Rxg8+ Qxg8 37.Qxf6+ Qg7 38.Qd8+ Bf8 39.b3 h6 40.
Qd5 Qf6 41.f3 Kg7 42.Kh3 Qf7 43.Qd4+ Kg8 44.g4 Qxb3 45.g3 Qxf3 46.Qc4+ Kh8
47.Qc1 b3 48.Qg1 Bg7 49.Qf2 Qh1+ 0-1

[Event "13th Reykjavik op"]
[Site "Reykjavik ISL"]
[Date "1988.03.03"]
[Round "8.21"]
[White "Arnason, Arni Arman"]
[Black "Sorensen, Torben"]
[Result "0-1"]
[WhiteElo "2215"]
[BlackElo "2360"]
[EventDate "1988.02.23"]
[PlyCount "58"]

1.d4 d5 2.c4 e6 3.Nc3 Nf6 4.cxd5 exd5 5.Bg5 c6 6.e3 Be7 7.Bd3 Nbd7 8.Nge2 
O-O 9.Qc2 Re8 10.O-O Nf8 11.Rab1 g6 12.b4 a6 13.a4 Ne6 14.Bxf6 Bxf6 15.
Rfc1 a5 16.Qd2 axb4 17.Rxb4 Be7 18.Rbb1 Bd6 19.e4 dxe4 20.Bxe4 Qh4 21.g3 
Qh5 22.d5 Ng5 23.Bg2 Rxa4 24.Nxa4 Rxe2 25.Qc3 Be5 26.Qa3 Bd4 27.Rf1 Nh3+ 
28.Bxh3 Bxh3 29.dxc6 Qd5 0-1

[Event "13th Reykjavik op"]
[Site "Reykjavik ISL"]
[Date "1988.03.03"]
[Round "8.22"]
[White "Jonasson, Benedikt"]
[Black "Lautier, Joel"]
[Result "0-1"]
[WhiteElo "2345"]
[BlackElo "2290"]
[EventDate "1988.02.23"]
[PlyCount "57"]

1.e4 c5 2.Nf3 d6 3.d4 cxd4 4.Nxd4 Nf6 5.Nc3 a6 6.Be2 e5 7.Nb3 Be7 8.O-O 
O-O 9.Be3 Be6 10.Qd2 Nbd7 11.Rfd1 b5 12.Bf3 Nb6 13.Na5 Rc8 14.Nd5 Bxd5 15.
exd5 e4 16.Bxb6 Qxb6 17.Be2 Rfe8 18.Nb3 Bd8 19.c3 Re5 20.Nd4 Nxd5 21.a4 e3
22.Qe1 Bh4 23.g3 exf2+ 24.Qxf2 Bg5 25.Kh1 Ne3 26.Re1 Ree8 27.axb5 axb5 28.
Bf3 Nf5 29.Nc6 0-1

[Event "13th Reykjavik op"]
[Site "Reykjavik ISL"]
[Date "1988.03.04"]
[Round "9.1"]
[White "Kotronias, Vasilios"]
[Black "Arnason, Jon"]
[Result "1-0"]
[WhiteElo "2475"]
[BlackElo "2510"]
[EventDate "1988.02.23"]
[PlyCount "123"]

1.e4 e5 2.Nf3 Nc6 3.Bc4 Bc5 4.d3 Nf6 5.Nc3 d6 6.Bg5 h6 7.Bxf6 Qxf6 8.Nd5 
Qd8 9.c3 a6 10.d4 Ba7 11.dxe5 dxe5 12.Qe2 Bc5 13.O-O-O Bd6 14.Rd2 b5 15.
Bb3 Na5 16.Nb6 Nxb3+ 17.axb3 Rb8 18.Nxc8 Qxc8 19.Rd5 Qe6 20.Qd3 O-O 21.Kc2
Qf6 22.Ra1 Ra8 23.Rd1 Rfe8 24.Qe3 Re6 25.g4 Qe7 26.h4 c6 27.R5d3 Bc5 28.
Qe2 Qf6 29.g5 Qf4 30.gxh6 gxh6 31.b4 Bb6 32.Rg1+ Kh8 33.Ng5 Qxf2 34.Qxf2 
Bxf2 35.Nxf7+ Kh7 36.Rd7 Bxg1 37.Nd8+ Kg6 38.Nxe6 Bf2 39.Rd6 Kf7 40.Nc7 
Ra7 41.Rxh6 a5 42.bxa5 Rxa5 43.Rxc6 Bxh4 44.Rc5 Kf6 45.Rxb5 Ra1 46.Rb6+ 
Kg5 47.Nd5 Re1 48.Kd3 Rd1+ 49.Kc4 Re1 50.Nf6 Kf4 51.b4 Rc1 52.Kb5 Ke3 53.
c4 Rf1 54.Nd7 Kxe4 55.Re6 Bg3 56.c5 Kd4 57.Rd6+ Kc3 58.c6 Rb1 59.c7 Rxb4+ 
60.Kc6 Rc4+ 61.Nc5 Kb4 62.Rd5 1-0

[Event "13th Reykjavik op"]
[Site "Reykjavik ISL"]
[Date "1988.03.04"]
[Round "9.2"]
[White "Adorjan, Andras"]
[Black "Gurevich, Mikhail"]
[Result "1/2-1/2"]
[WhiteElo "2540"]
[BlackElo "2625"]
[EventDate "1988.02.23"]
[PlyCount "27"]

1.e4 e5 2.Nf3 Nc6 3.Bb5 a6 4.Ba4 Nf6 5.O-O b5 6.Bb3 Be7 7.Re1 O-O 8.c3 d6 
9.h3 Bb7 10.d4 Re8 11.Ng5 Rf8 12.Nf3 Re8 13.Ng5 Rf8 14.Nf3 1/2-1/2

[Event "13th Reykjavik op"]
[Site "Reykjavik ISL"]
[Date "1988.03.04"]
[Round "9.3"]
[White "Dolmatov, Sergei"]
[Black "Petursson, Margeir"]
[Result "1-0"]
[WhiteElo "2565"]
[BlackElo "2540"]
[EventDate "1988.02.23"]
[PlyCount "121"]

1.e4 c5 2.Nf3 Nc6 3.d4 cxd4 4.Nxd4 g6 5.c4 Bg7 6.Be3 Nf6 7.Nc3 O-O 8.Be2 
d6 9.Rc1 Bd7 10.O-O Nxd4 11.Bxd4 Bc6 12.Qd3 a5 13.f4 a4 14.Kh1 Qa5 15.Nd5 
Nxd5 16.exd5 Bxd4 17.dxc6 Bxb2 18.Rc2 Qb4 19.cxb7 Ra5 20.Rxb2 Qxb2 21.Rb1 
Qxa2 22.b8=Q Rxb8 23.Rxb8+ Kg7 24.Qc3+ e5 25.Bf3 Rc5 26.Bd5 Qf2 27.Rb1 
Qxf4 28.Ra1 h5 29.h3 h4 30.Qd3 Rc7 31.Rxa4 Qc1+ 32.Kh2 Re7 33.Ra6 Qf4+ 34.
Kg1 e4 35.Qd4+ Kh7 36.Ra1 f5 37.Re1 Qg3 38.Re3 Qf4 39.Rc3 Rc7 40.Qf2 Qxf2+
41.Kxf2 Ra7 42.Rb3 Ra2+ 43.Kg1 Ra6 44.Rb7+ Kh6 45.Re7 Ra1+ 46.Kh2 g5 47.
Re6+ Kg7 48.Rxd6 e3 49.Re6 f4 50.Bf3 Rc1 51.Bh5 Rxc4 52.Rg6+ Kh7 53.Rxg5 
Kh6 54.Re5 Rc1 55.Bf3 Kg6 56.Rd5 Rf1 57.Rd1 Rxd1 58.Bxd1 Kf5 59.Kg1 Ke4 
60.Kf1 Kd3 61.Ke1 1-0

[Event "13th Reykjavik op"]
[Site "Reykjavik ISL"]
[Date "1988.03.04"]
[Round "9.7"]
[White "Hoi, Carsten"]
[Black "Thorsteins, Karl"]
[Result "1-0"]
[WhiteElo "2405"]
[BlackElo "2440"]
[EventDate "1988.02.23"]
[PlyCount "112"]

1.d4 Nf6 2.Nf3 g6 3.c4 Bg7 4.Nc3 d5 5.Bg5 Ne4 6.Bh4 Nxc3 7.bxc3 dxc4 8.e3 
b5 9.a4 c6 10.Be2 Nd7 11.Nd2 a6 12.Bf3 Bb7 13.O-O Qc7 14.Qb1 e5 15.Qb4 Bf8
16.Qb2 Bd6 17.axb5 axb5 18.Rxa8+ Bxa8 19.Ne4 f5 20.Nxd6+ Qxd6 21.Bg3 O-O 
22.Rd1 Qe7 23.dxe5 Nxe5 24.Bxe5 Qxe5 25.Rd7 f4 26.e4 Qe6 27.Ra7 Qc8 28.h3 
Bb7 29.Qb4 Rf7 30.Bg4 Qb8 31.Be6 Kg7 32.Qc5 Rc7 33.Qe5+ Kh6 34.Qxf4+ Kg7 
35.Qe5+ Kh6 36.Ra1 Rc8 37.Qf6 Rf8 38.Qh4+ Kg7 39.Qe7+ Kh8 40.Ra7 Qf4 41.
Ra2 Qc1+ 42.Kh2 Qf4+ 43.g3 Qb8 44.Bf7 Kg7 45.Bxc4+ Kh6 46.Bb3 Re8 47.Qh4+ 
Kg7 48.Rd2 Qc7 49.Qf4 Qe7 50.f3 Rd8 51.Rxd8 Qxd8 52.Qe5+ Kh6 53.Qd4 Qe7 
54.e5 c5 55.Qd6 Qg5 56.Qf8+ Kh5 1-0

[Event "13th Reykjavik op"]
[Site "Reykjavik ISL"]
[Date "1988.03.04"]
[Round "9.9"]
[White "Olafsson, Helgi"]
[Black "Einarsson, Halldor"]
[Result "1-0"]
[WhiteElo "2510"]
[BlackElo "2215"]
[EventDate "1988.02.23"]
[PlyCount "51"]

1.c4 e6 2.Nc3 d5 3.d4 Be7 4.cxd5 exd5 5.Bf4 Nf6 6.e3 O-O 7.Bd3 c5 8.Nf3 
Nc6 9.O-O c4 10.Bc2 Nh5 11.Be5 f6 12.Ng5 g6 13.Nxh7 fxe5 14.Nxf8 Bxf8 15.
dxe5 Be6 16.Bxg6 Ng7 17.f4 Bc5 18.f5 Bxe3+ 19.Kh1 Nxe5 20.fxe6 Nxg6 21.
Nxd5 Bg5 22.Qf3 Ne5 23.Qe4 Qd6 24.Rad1 Nd3 25.Rf7 Re8 26.Qg6 1-0

[Event "13th Reykjavik op"]
[Site "Reykjavik ISL"]
[Date "1988.03.04"]
[Round "9.12"]
[White "Bjarnason, Saevar"]
[Black "Barle, Janez"]
[Result "1/2-1/2"]
[WhiteElo "2335"]
[BlackElo "2425"]
[EventDate "1988.02.23"]
[PlyCount "125"]

1.Nf3 Nf6 2.c4 e6 3.d4 Bb4+ 4.Bd2 c5 5.Nc3 cxd4 6.Nxd4 O-O 7.a3 Be7 8.e4 
d6 9.Be2 a6 10.O-O b6 11.f3 Bb7 12.Rf2 Nbd7 13.Bf1 Qb8 14.Rc1 Rc8 15.Nc2 
Re8 16.Bf4 Ne5 17.b3 Rc8 18.Qe1 Nfd7 19.Ne3 Qa7 20.Kh1 Bh4 21.Bg3 Bxg3 22.
hxg3 Nc5 23.Qd1 b5 24.Re2 bxc4 25.bxc4 Ncd3 26.Rcc2 Qd4 27.Qd2 Nxc4 28.
Nxc4 Rxc4 29.Re3 Ne5 30.Qxd4 Rxd4 31.Rb2 Bc8 32.Kg1 Kf8 33.Ne2 Rd1 34.Rc2 
Bd7 35.Rec3 Bb5 36.g4 Nd7 37.Kf2 Ke7 38.Ng3 Bxf1 39.Nxf1 Ra1 40.Ne3 Rb8 
41.Rc7 Rxa3 42.Ra7 g5 43.Nc4 Ra4 44.e5 Rab4 45.exd6+ Kd8 46.Na5 Rb2 47.
Nc6+ Ke8 48.Rxb2 Rxb2+ 49.Ke3 f6 50.Ra8+ Kf7 51.Ra7 Ke8 52.Ra8+ Kf7 53.Rb8
Ne5 54.Nxe5+ fxe5 55.Rh8 Rb3+ 56.Kf2 Rb2+ 57.Ke1 Rb1+ 58.Ke2 Rb2+ 59.Ke3 
Rb3+ 60.Ke4 Rb4+ 61.Kxe5 Rb5+ 62.Ke4 Rd5 63.Rxh7+ 1/2-1/2

[Event "13th Reykjavik op"]
[Site "Reykjavik ISL"]
[Date "1988.03.04"]
[Round "9.13"]
[White "Gislason, Gudmundur"]
[Black "Polgar, Zsofia"]
[Result "0-1"]
[WhiteElo "2295"]
[BlackElo "2320"]
[EventDate "1988.02.23"]
[PlyCount "70"]

1.e4 c5 2.Nf3 e6 3.d4 cxd4 4.Nxd4 Nf6 5.Nc3 d6 6.Be2 Be7 7.O-O O-O 8.f4 
Nc6 9.Kh1 e5 10.Nb3 Be6 11.f5 Bd7 12.Be3 a5 13.a4 Nb4 14.g4 Bc6 15.Bf3 d5 
16.exd5 Nbxd5 17.Nxd5 Nxd5 18.Qe2 Qc7 19.c3 h6 20.Nd2 Nxe3 21.Qxe3 Bg5 22.
Qe2 Rad8 23.Ne4 Bxe4 24.Qxe4 Rd2 25.Rab1 Bf4 26.Be2 Qd8 27.Rg1 Qh4 28.Rg2 
b6 29.Qf3 Rfd8 30.Qe4 Kh8 31.Qf3 Rc2 32.Qe4 Rdd2 33.f6 g6 34.g5 Rxb2 35.
Rbg1 Rxe2 0-1